Normal view
MARC view
- Field programmable gate arrays
Entry Topical Term
001 - CONTROL NUMBER
- control field: 83502
003 - CONTROL NUMBER IDENTIFIER
- control field: NUST
005 - DATE AND TIME OF LATEST TRANSACTION
- control field: 20211027160922.0
008 - FIXED-LENGTH DATA ELEMENTS
- fixed length control field: 211027|| aca||aabn | a|a d
040 ## - CATALOGING SOURCE
- Original cataloging agency: NUST
- Transcribing agency: NUST
150 ## - HEADING--TOPICAL TERM
- Topical term or geographic name entry element: Field programmable gate arrays
670 ## - SOURCE DATA FOUND
- Source citation: Work cat.: (NUST)32978: Dubey, Rahul. 83501, Introduction to embedded system design using field programmable gate arrays /, c2009.
